Подробности
| 000 -МАРКЕР |
| контрольное поле |
04243nam0a2200445 4500 |
| 001 - ИДЕНТИФИКАТОР ЗАПИСИ |
| контрольное поле |
RU\NLR\BIBL_A\012851064 |
| 005 - ИДЕНТИФИКАТОР ВЕРСИИ |
| контрольное поле |
20230606122651.0 |
| 010 ## - МЕЖДУНАРОДНЫЙ СТАНДАРТНЫЙ НОМЕР КНИГИ (ISBN) |
| Номер (ISBN) |
978-5-9293-2897-8 |
| 021 ## - НОМЕР ГОСУДАРСТВЕННОЙ РЕГИСТРАЦИИ |
| Код страны |
Российская Федерация |
| Номер |
КН-П-22-028654 |
| Номер Листа государственной регистраци |
КН-П-22-2455 |
| 035 ## - ДРУГИЕ СИСТЕМНЫЕ НОМЕРА |
| Идентификатор записи |
(NLR Aleph) 012851064 |
| 035 ## - ДРУГИЕ СИСТЕМНЫЕ НОМЕРА |
| Идентификатор записи |
(RuMoRGB)011062544 |
| 100 ## - ДАННЫЕ ОБЩЕЙ ОБРАБОТКИ |
| Данные общей обработки |
20220720d2021 k y0rusy50 ca |
| 101 0# - ЯЗЫК РЕСУРСА |
| Язык текста, звукозаписи и т.д. |
русский |
| -- |
казахский |
| Язык резюме |
английский |
| 102 ## - СТРАНА ПУБЛИКАЦИИ ИЛИ ПРОИЗВОДСТВА |
| Страна публикации |
Российская Федерация |
| 105 ## - ПОЛЕ КОДИРОВАННЫХ ДАННЫХ: ТЕКСТОВЫЕ МАТЕРИАЛЫ, МОНОГРАФИЧЕСКИЕ |
| Кодированные данные о монографическом текстовом документе |
ac||z|||100zy |
| 181 #0 - ПОЛЕ КОДИРОВАННЫХ ДАННЫХ: ВИД СОДЕРЖАНИЯ |
| Код вида содержания (ISBD) |
i |
| Код характеристики содержания (ISBD) |
axxe |
| 182 #0 - ПОЛЕ КОДИРОВАННЫХ ДАННЫХ: ТИП СРЕДСТВА |
| Код типа средства (ISBD) |
n - непосредственное |
| 200 1# - ЗАГЛАВИЕ И СВЕДЕНИЯ ОБ ОТВЕТСТВЕННОСТИ |
| Основное заглавие |
Состояние здоровья: медицинские, социальные и психологические аспекты |
| Сведения, относящиеся к заглавию |
XII международная научно-практическая интернет-конференция, 23-26 ноября 2021 года, г. Чита |
| -- |
[сборник научных трудов] |
| Первые сведения об ответственности |
Министерство науки и высшего образования Российской Федерации, Забайкальский государственный университет, Медицинский университет Семей (г. Семей, Казахстан) |
| Последующие сведения об ответственности |
редакционная коллегия: С. Т. Кохан (отв. редактор) [и др.] |
| 203 ## - ВИД СОДЕРЖАНИЯ И ТИП СРЕДСТВА |
| Вид содержания |
Текст |
| Дополнительные сведения об издании |
визуальный |
| Тип средства |
непосредственный |
| 210 ## - ПУБЛИКАЦИЯ, РАСПРОСТРАНЕНИЕ И ДР. |
| Место издания, распространения и т.д. |
Чита |
| Имя издателя, распространителя и т. д. |
ЗабГУ |
| Дата издания, распространения и т.д. |
2021 |
| 215 ## - ФИЗИЧЕСКАЯ ХАРАКТЕРИСТИКА |
| Специфическое обозначение материала и объем |
200 с. |
| Другие сведения о физической характеристике |
ил., портр., табл. |
| Размеры |
20 |
| 300 ## - ОБЩИЕ ПРИМЕЧАНИЯ |
| Текст примечания |
Часть текста казах. |
| 300 ## - ОБЩИЕ ПРИМЕЧАНИЯ |
| Текст примечания |
Рез. англ. |
| 320 ## - ПРИМЕЧАНИЯ О НАЛИЧИИ В ДОКУМЕНТЕ БИБЛИОГРАФИИ / УКАЗАТЕЛЯ |
| Текст примечания |
Библиогр. в конце ст. |
| 330 ## - РЕЗЮМЕ ИЛИ РЕФЕРАТ |
| Текст примечания |
Научные труды, представленные в сборнике, посвящены различным аспектам состояния здоровья в разрезе актуальных вопросов медицины, социальной работы, психологии и педагогики. Ряд проблем рассматривается с позиции мультидисциплинарного подхода ввиду нахождения на стыке специальностей, что способствует их расширенному пониманию и поиску новых решений. В рамках работы конференции специалисты в сфере науки и практики имеют возможность обмениваться опытом, приходить к единому решению по формированию специальных компетенций, находить новые идеи для совместной деятельности по реализации научных, образовательных и иных проектов. В сборнике размещены материалы авторов из различных регионов России, Украины, Монголии, Белоруссии, Кыргызстана, Казахстана, Болгарии, Китая, Польши, Японии |
| 606 1# - НАИМЕНОВАНИЕ ТЕМЫ КАК ПРЕДМЕТ |
| Наименование темы |
Медицина |
| Формальный подзаголовок |
Съезды, совещания и т.п |
| Системный номер авторитетной/нормативной записи |
892737 |
| Идентификатор авторитетной/нормативной записи |
RU\NLR\AUTH\662895 |
| 606 1# - НАИМЕНОВАНИЕ ТЕМЫ КАК ПРЕДМЕТ |
| Наименование темы |
Здоровье |
| Формальный подзаголовок |
Съезды, совещания и т.п |
| Тематический подзаголовок |
Социально-психологические исследования |
| Системный номер авторитетной/нормативной записи |
2072932 |
| Идентификатор авторитетной/нормативной записи |
RU\NLR\AUTH\661247793 |
| 686 1# - ИНДЕКСЫ ДРУГИХ КЛАССИФИКАЦИЙ |
| Индекс |
Р.я431(0) |
| 686 1# - ИНДЕКСЫ ДРУГИХ КЛАССИФИКАЦИЙ |
| Индекс |
Ю948.1-8я431 |
| 686 1# - ИНДЕКСЫ ДРУГИХ КЛАССИФИКАЦИЙ |
| Индекс |
С550.54я431 |
| 702 #1 - ИМЯ ЛИЦА - ВТОРИЧНАЯ ОТВЕТСТВЕННОСТЬ |
| Начальный элемент ввода |
Кохан |
| Часть имени, кроме начального элемента ввода |
С. Т. |
| Расширение инициалов личного имени |
Сергей Тихонович |
| Код отношения |
Редактор |
| 711 12 - НАИМЕНОВАНИЕ ОРГАНИЗАЦИИ - АЛЬТЕРНАТИВНАЯ ОТВЕТСТВЕННОСТЬ |
| Начальный элемент ввода |
"Состояние здоровья: медицинские, социальные и психологические аспекты", международная научно-практическая интернет-конференция |
| Порядковый номер временной организации и / или порядковый номер ее части |
12 |
| Место проведения временной организации |
Чита |
| Дата проведения временной организации |
2021 |
| Системный номер авторитетной/нормативной записи |
804868 |
| Идентификатор авторитетной/нормативной записи |
RU\NLR\AUTH\880569257 |
| 712 02 - НАИМЕНОВАНИЕ ОРГАНИЗАЦИИ - ВТОРИЧНАЯ ОТВЕТСТВЕННОСТЬ |
| Код отношения |
Прочие |
| Начальный элемент ввода |
Забайкальский государственный университет |
| Идентифицирующий признак |
Чита |
| Системный номер авторитетной/нормативной записи |
295125 |
| Идентификатор авторитетной/нормативной записи |
RU\NLR\AUTH\8810203600 |
| 712 02 - НАИМЕНОВАНИЕ ОРГАНИЗАЦИИ - ВТОРИЧНАЯ ОТВЕТСТВЕННОСТЬ |
| Код отношения |
Прочие |
| Начальный элемент ввода |
Медицинский университет |
| Идентифицирующий признак |
Семей |
| Системный номер авторитетной/нормативной записи |
789223 |
| Идентификатор авторитетной/нормативной записи |
RU\NLR\AUTH\880561017 |
| 942 ## - ДОПОЛНИТЕЛЬНЫЕ ЭЛЕМЕНТЫ ЗАПИСИ (АБИС) |
| Тип экземпляра АБИС |
Книга |
| 980 ## - КОЛЛЕКЦИЯ |
| Название коллекции |
Национальная библиография |